Process algebra /

Bibliographic Details
Main Author: Baeten, J. C. M.
Other Authors: Weijland, W. P.
Format: Book
Language:English
Published: Cambridge ; New York : Cambridge University Press, 1990.
Series:Cambridge tracts in theoretical computer science ; 18.
Subjects:

MARC

Tag First Indicator Second Indicator Subfields
LEADER 00000cam a2200000 a 4500
001 in00001007222
005 20150927215020.0
008 910220s1990 enk b 00110 eng
010 |a  91119944  
020 |a 0521400430 
035 |a (OCoLC)22757571 
035 |9 AFD5642AM 
040 |a DLC  |c DLC  |d TXA  |d UtOrBLW 
049 |a TXAM 
050 0 0 |a QA267  |b .B33 1990 
082 0 0 |a 511.3  |2 20 
100 1 |a Baeten, J. C. M. 
245 1 0 |a Process algebra /  |c J.C.M. Baeten and W.P. Weijland. 
264 1 |a Cambridge ;  |a New York :  |b Cambridge University Press,  |c 1990. 
300 |a 248 pages ;  |c 26 cm. 
336 |a text  |b txt  |2 rdacontent 
337 |a unmediated  |b n  |2 rdamedia 
338 |a volume  |b nc  |2 rdacarrier 
490 1 |a Cambridge tracts in theoretical computer science ;  |v 18 
504 |a Includes bibliographical references (pages 227-234) and indexes. 
650 0 |a Machine theory. 
650 0 |a Parallel processing (Electronic computers) 
700 1 |a Weijland, W. P. 
830 0 |a Cambridge tracts in theoretical computer science ;  |v 18. 
999 |a MARS 
999 f f |s 44a04db8-5e87-3971-80e5-6f14f7d995dc  |i 8e4d4806-e1e1-3d09-9162-6327ae24b910  |t 0 
952 f f |p normal  |a Texas A&M University  |b College Station  |c Sterling C. Evans Library  |d Evans: Library Stacks  |t 0  |e QA267 .B33 1990  |h Library of Congress classification  |i unmediated -- volume  |m A14814339947 
998 f f |a QA267 .B33 1990  |t 0  |l Evans: Library Stacks